000 00438nam a2200169Ia 4500
003 GCL
008 140319s9999 xx 000 0 ara d
040 _aGCL /
_cGCL
082 0 4 _a801.95
_bل ع
100 1 _aلويس عوض
245 1 0 _aعلى هامش الغفران /
_cلويس عوض
300 _a178 ص
490 _aكتاب الهلال
_v0
650 0 4 _aالادب
650 0 4 _aالادب المقارن
942 _2ddc
_cBK
999 _c42171
_d42171